1494 1261 1380 1231 1970 1218 1757 1672 1541 1755 1790 1482 1731 1760 1031 1709 1215 1217 1342 1742 1490 1533 1266 1667 1860 1054 1451 1253 1222 1730 1198 1779 1409 1009 1444 1063 1712 1181 1802 1785 1269 1310 1377 1904 1575 1853 1072 1187 1628 1234 1949 1005 1895 1638 1034 1357 1262 1025 1230 1237 1563 1578 1721 1117 1963 1420 1650 1571 1612 1240 1631 1952 1264 1532 1907 1299 1859 1104 1643 1929 1574 1517 1775 1768 1296 1033 1605 1820 1963 1363 1119 1338 1541 1559 1664 1790 1837 1461 1394 BCNSPRNW ULIB Ver.6.0+V

เปลี่ยนเป็นภาษาไทย

Change to English
 แสดงรายละเอียดบรรณานุกรม
  กลับหน้าหลัก

Brief Record : Get Marc (ISO 2709) : E-mail record : QR code < ปิดหน้าต่าง
LEADER : 00000nam 2200000uu 4500
001    13399114732
003     ULIB
008    120110s2551||||th 000 0 tha d
099    วจ.LB1028^bช616ก
100 0  ชุติพร จริตงาม
245 00 การศึกษาเปรียบเทียบผลสัมฤทธิ์ทางการเรียน เรื่องระบบไหลเวียนระหว่างการเรียนแบบบรรยาย การเรียนบนเว็บ และการเรียนแบบบรรยายร่วมกับการเรียนบนเว็บของนักศึกษาพยาบาล วิทยาลัยพยาบาลบรมราชชนนี สวรรค์ประชารักษ์ นครสวรรค์/^cชุติพร จริตงาม และจิราจันทร์ คณฑา
260    นครสวรรค์ :^bวิทยาลัยพยาบาลบรมราชชนนี สวรรค์ประชารักษ์ นครสวรรค์,^c2551
300    106 หน้า
650  7 การเรียนแบบบรรยาย^xวิจัย
650  7 การเรียนบนเว็บ^xวิจัย
700 0  จิราจันทร์ คณฑา
710 1  วิทยาลัยพยาบาลบรมราชชนนี สวรรค์ประชารักษ์ นครสวรรค์
945    ^p0^l0^i026550
995    ทศพร
999 ^a ทศพร
รายการนี้ยังไม่มีแท็ก
คุณยังไม่ได้ล็อกอิน คุณสามารถมีกิจกรรมร่วมกับเว็บไซต์ได้ แต่ต้องล็อกอินก่อน ::
  ล็อกอิน

รายการสื่อสารสนเทศ

ลำดับที่ ประเภท เลขเรียก/บาร์โค้ด สถานที่ สถานะ
1. งานวิจัย
งานวิจัย
วจ.LB1028 ช616ก ฉ.1 
  Barcode: 026550
ห้องสมุดวิทยาเขตสวรรค์ประชารักษ์
►วิจัย
บนชั้น

รายการใกล้เคียง
    ผู้แต่ง [ชุติพร จริตงาม]

BibComment


ยังไม่เคยถูกคอมเมนท์

คอมเมนท์ทรัพยากรรายการนี้
  คอมเมนท์: การศึกษาเปรียบเที..


 Copyright 2026. Bcnsprnw @Library